| 000 | 00495nam a2200157Ia 4500 | ||
|---|---|---|---|
| 003 | LDD | ||
| 008 | 190327s9999 xx 000 0 und d | ||
| 040 | _cLDD | ||
| 082 | _a8H0.1 अ1663 इ | ||
| 100 | _aअग्रवाल, भगवतशरण | ||
| 245 | 0 | _aइन्द्रधनुष (हाइकु-काव्य) | |
| 260 |
_aअहमदाबाद _bहाइक-भारती प्रकाशन _c2000 |
||
| 300 | _a60पृ. | ||
| 942 |
_2ddc _cBK |
||
| 949 | _aG008805 | ||
| 999 |
_c192663 _d192663 |
||